000 00388nam a2200133Ia 4500
008 240126s9999 xx 000 0 und d
041 _aEnglish
245 0 _aICFAI Journal of Financial Risk Management (2005 - 2011)
260 _bICFAI
_aHyderabad
440 _aNULL
520 _aSubs.No : IJFRM/148 123815/062006
650 _aICFAI,Financial,Risk,Management,(2005,-
942 _cJN
999 _c258948
_d258948